000 00245nam a2200097Ia 4500
001 687404
005 20250826161555.0
008 250824s9999 xx 000 0 und d
245 0 _aSESSİZ YÜREK
_cNECATİ GÜNGÖR
260 _bGÜNIŞIĞI YAYINLARI
999 _c687404
_d687404